00443nam a2200181Ia 4500003000400000005001700004008004100021020001500062040000700077041000800084082001500092100002100107245005100128250000600179260004800185300001500233365001300248OSt20230328101530.0210423s2006 xx 000 0 und d a8175963271 cAL aeng a822.3 BRAM aBRADBROOK (M C). aThemes and conventions of Elizabethan tragedy. a2 aNew DelhibCambridge University Pressc2006 avi,270bPB b195cINR